The foundations of mathematics in the theory of sets
محفوظ في:
| المؤلف الرئيسي: | |
|---|---|
| التنسيق: | كتاب |
| اللغة: | Undetermined |
| منشور في: |
Cambridge, UK
Cambridge Unveristy Press
2001
|
| الموضوعات: | |
| الوسوم: |
إضافة وسم
لا توجد وسوم, كن أول من يضع وسما على هذه التسجيلة!
|
| Thư viện lưu trữ: | Trung tâm Học liệu Trường Đại học Cần Thơ |
|---|
| LEADER | 00505nam a2200181Ia 4500 | ||
|---|---|---|---|
| 001 | CTU_52128 | ||
| 008 | 210402s9999 xx 000 0 und d | ||
| 020 | |b 1171000 | ||
| 082 | |a 511.3'22 | ||
| 082 | |b M466 | ||
| 100 | |a J. P. Mayberry | ||
| 245 | 4 | |a The foundations of mathematics in the theory of sets | |
| 245 | 0 | |c J. P. Mayberry | |
| 260 | |a Cambridge, UK | ||
| 260 | |b Cambridge Unveristy Press | ||
| 260 | |c 2001 | ||
| 650 | |a set theory | ||
| 980 | |a Trung tâm Học liệu Trường Đại học Cần Thơ | ||